000
00239nam a2200097Ia 4500
001
1159162
005
20250827011315.0
008
250824s9999 xx 000 0 und d
245
0
_a
BEN NEY'İM
_c
HAKAN MENGÜÇ
260
_b
DESTEK YAYINLARI
999
_c
1159162
_d
1159162